| 000 | 00402cam a22001337a 4500 | ||
|---|---|---|---|
| 008 | 180718b1969 xxu||||| |||| 00| 0 eng d | ||
| 082 | _aK12x54 T326 | ||
| 100 | _aThakur, R. N. | ||
| 245 |
_aAll India services: a study of ther orgin and growth _cby R. N. Thakur |
||
| 260 |
_aPatna _bBharati Bhawan _c1969 |
||
| 300 | _a298p. | ||
| 650 | _aPersonnel management --India | ||
| 650 | _aCivil service --India | ||
| 999 |
_c375977 _d375977 |
||